| 000 | 00656nam a2200205 a 4500 | ||
|---|---|---|---|
| 001 | 85456 | ||
| 003 | BD-RjUL | ||
| 005 | 20250806162914.0 | ||
| 008 | 250806s1961 bg ||||| |||| 00| 0 ben d | ||
| 035 | _a(BD-RjUL)85456 | ||
| 040 |
_aBD-RjUL _beng _cBD-RjUL |
||
| 041 | _aben | ||
| 082 |
_223 _a398.2 _bRAG 1961 |
||
| 100 |
_aরহিম, আবদুর _97595 |
||
| 245 |
_aআসল গাজির পুথি / _cআবদুর রহিম |
||
| 260 |
_aঢাকা : _bহামিদিয়া লাইব্রেরী, _c১৯৬১ |
||
| 300 |
_a৮৭ পৃ.; _c২৫ সেমি. |
||
| 650 | _aFolk literature | ||
| 942 |
_2ddc _cBK |
||
| 999 |
_c85456 _d85456 |
||